Southville International School and Colleges
Your cart is empty.
  • Cart
  • Lists
    Public lists Eva Luna New books Lux_list list_1
    Your lists Log in to create your own lists
  • Log in to your account
  • Your cookies
  • Search history
Southville International School and Colleges
  • Advanced search
  • Recent comments
  • Most popular
  • Libraries

Log in to your account

Log in with GOOGLE


If you do not have an external account, but do have a local account, you can still log in:

  1. Home
  2. MARC view: Improving water quality using duckweed (Lemna minor L.) and water hyacinth (Eichhornia crassipes) /
Normal view MARC view ISBD view

Improving water quality using duckweed (Lemna minor L.) and water hyacinth (Eichhornia crassipes) / (Record no. 362080)

[ view plain ]
MARC details
000 -LEADER
fixed length control field 00835nam a2200229Ia 4500
003 - CONTROL NUMBER IDENTIFIER
control field 0
005 - DATE AND TIME OF LATEST TRANSACTION
control field 20250129094621.0
008 - FIXED-LENGTH DATA ELEMENTS--GENERAL INFORMATION
fixed length control field 190909s9999 xx 000 0 und d
050 ## - LIBRARY OF CONGRESS CALL NUMBER
Classification number PGS QK 495.A45
Item number .P235 2019
100 ## - MAIN ENTRY--PERSONAL NAME
Personal name Park, Seorin.
245 ## - TITLE STATEMENT
Title Improving water quality using duckweed (Lemna minor L.) and water hyacinth (Eichhornia crassipes) /
Statement of responsibility, etc Seorin Park.
260 ## - PUBLICATION, DISTRIBUTION, ETC. (IMPRINT)
Place of publication, distribution, etc Las Piñas City, Philippines:
Name of publisher, distributor, etc Southville International School and Colleges,
Date of publication, distribution, etc 2019.
300 ## - PHYSICAL DESCRIPTION
Extent 47 p. :
Other physical details ill. ;
Dimensions 28 cm.
504 ## - BIBLIOGRAPHY, ETC. NOTE
Bibliography, etc Includes bibliographical references.
650 ## - SUBJECT ADDED ENTRY--TOPICAL TERM
Topical term or geographic name as entry element Water quality
Form subdivision Environmental aspects.
650 ## - SUBJECT ADDED ENTRY--TOPICAL TERM
Topical term or geographic name as entry element Aquatic plants in water treatment.
650 ## - SUBJECT ADDED ENTRY--TOPICAL TERM
Topical term or geographic name as entry element Duckweed.
650 ## - SUBJECT ADDED ENTRY--TOPICAL TERM
Topical term or geographic name as entry element Water hyacinth.
650 ## - SUBJECT ADDED ENTRY--TOPICAL TERM
Topical term or geographic name as entry element Aquatic plants
Form subdivision Environmental aspects.
650 ## - SUBJECT ADDED ENTRY--TOPICAL TERM
Topical term or geographic name as entry element Water quality management.
942 ## - ADDED ENTRY ELEMENTS (KOHA)
Source of classification or shelving scheme Library of Congress Classification
Koha item type PASS
Holdings
Withdrawn status Lost status Source of classification or shelving scheme Damaged status Home library Current library Shelving location Date acquired Source of acquisition Total Checkouts Full call number Barcode Date last seen Price effective from Koha item type
    Library of Congress Classification   Luxembourg Library Luxembourg Library Portfolio Assessment of SISC Students Section 09/09/2019 Donation   PGS QK 495.A45 .P235 2019 P3574 09/09/2019 09/09/2019 PASS

Improving water quality using duckweed (Lemna minor L.) and water hyacinth (Eichhornia crassipes) /

APA

Park S., . (2019). Improving water quality using duckweed (Lemna minor L.) and water hyacinth (Eichhornia crassipes). Las Piñas City, Philippines: Southville International School and Colleges.

Chicago

Park Seorin, . 2019. Improving water quality using duckweed (Lemna minor L.) and water hyacinth (Eichhornia crassipes). Las Piñas City, Philippines: Southville International School and Colleges.

Harvard

Park S., . (2019). Improving water quality using duckweed (Lemna minor L.) and water hyacinth (Eichhornia crassipes). Las Piñas City, Philippines: Southville International School and Colleges.

MLA

Park Seorin, . Improving water quality using duckweed (Lemna minor L.) and water hyacinth (Eichhornia crassipes). Las Piñas City, Philippines: Southville International School and Colleges. 2019.

  • Print
  • Cite
  • Add to your cart (remove)
  • Save record
    BIBTEX Dublin Core MARCXML MARC (non-Unicode/MARC-8) MARC (Unicode/UTF-8) MARC (Unicode/UTF-8, Standard) MODS (XML) RIS
  • More searches
    Search for this title in:
    Other Libraries (WorldCat) Other Databases (Google Scholar) Online Stores (Bookfinder.com) Open Library (openlibrary.org)

Exporting to Dublin Core...

SOUTHVILLE LIBRARY

Southville International School and Colleges Library

1281 Tropical Ave. Cor. Luxembourg St., BF Homes International, Las Pinas City

Tel. No. 8256374 / 252358 Loc. 117/146

Powered by Koha